Bình luận luật nhà ở năm 2014

Bình luận về các quy định của Luật Nhà ở năm 2014 trong mối quan hệ với các văn bản pháp luật có liên quan như: Hiến pháp năm 2013, Bộ luật Dân sự năm 2015, Luật Đất đai năm 2013... nhằm xây dựng một cách hiểu thống nhất và toàn diện...

সম্পূর্ণ বিবরণ

সংরক্ষণ করুন:
গ্রন্থ-পঞ্জীর বিবরন
প্রধান লেখক: Nguyễn Minh Oanh (Chủ biên)
অন্যান্য লেখক: Nguyễn Minh Tuấn, Nguyễn Văn Hợi
বিন্যাস: গ্রন্থ
ভাষা:Vietnamese
প্রকাশিত: H. Lao động 2018
বিষয়গুলি:
ট্যাগগুলো: ট্যাগ যুক্ত করুন
কোনো ট্যাগ নেই, প্রথমজন হিসাবে ট্যাগ করুন!
Thư viện lưu trữ: Thư viện Trường Đại học Nam Cần Thơ
LEADER 01558nam a22002417a 4500
001 NCT_91731
008 211009b xxu||||| |||| 00| 0 vie d
999 |c 4531  |d 4531 
020 |a 9786045999561  |c 280000 
082 0 4 |2 23rd ed.  |a 346.597043  |b O408 
100 1 |a Nguyễn Minh Oanh  |e Chủ biên 
245 1 0 |a Bình luận luật nhà ở năm 2014  |c Nguyễn Minh Oanh (chủ biên); Nguyễn Minh Tuấn, Nguyễn Văn Hợi, ... 
260 |a H.  |b Lao động  |c 2018 
300 |a 615 tr.  |c 24cm 
520 3 |a Bình luận về các quy định của Luật Nhà ở năm 2014 trong mối quan hệ với các văn bản pháp luật có liên quan như: Hiến pháp năm 2013, Bộ luật Dân sự năm 2015, Luật Đất đai năm 2013... nhằm xây dựng một cách hiểu thống nhất và toàn diện 
653 |a Luật học 
700 1 |a Nguyễn Minh Tuấn 
700 1 |a Nguyễn Văn Hợi 
942 |2 ddc  |c BK 
952 |0 0  |1 0  |2 ddc  |4 0  |6 346_597043000000000_O408  |7 0  |9 21561  |a 000001  |b 000001  |d 2021-10-09  |o 346.597043 O408  |p MD.18898  |r 2021-10-09  |v 280000.00  |w 2021-10-09  |y BK 
952 |0 0  |1 0  |2 ddc  |4 0  |6 346_597043000000000_O408  |7 0  |9 21562  |a 000001  |b 000001  |d 2021-10-09  |o 346.597043 O408  |p MD.18899  |r 2021-10-09  |v 280000.00  |w 2021-10-09  |y BK 
952 |0 0  |1 0  |2 ddc  |4 0  |6 346_597043000000000_O408  |7 0  |9 21563  |a 000001  |b 000001  |d 2021-10-09  |o 346.597043 O408  |p MD.18900  |r 2021-10-09  |v 280000.00  |w 2021-10-09  |y BK 
980 |a Thư viện Trường Đại học Nam Cần Thơ